书目信息 |
| 题名: |
北魏刁遵墓志
|
|
| 作者: | ;历代碑帖法书选编辑组 编 | |
| 分册: | ||
| 出版信息: | 北京 文物出版社 1984 |
|
| 页数: | 1册 | |
| 开本: | 25cm | |
| 丛书名: | 历代碑帖法书选 | |
| 单 册: | ||
| 中图分类: | J292.23 , J292.2 | |
| 科图分类: | ||
| 主题词: | 楷书-碑帖--中国--北魏 , 碑帖-楷书--中国--北魏 , 书法--中国 , 篆刻--中国 | |
| 电子资源: | ||
| ISBN: | ||
| 000 | 00940nam2 2200325 45 | |
| 001 | 0184004414 | |
| 005 | 20040520150435.4 | |
| 010 | @dCNY0.36 | |
| 091 | @a8068.1330 | |
| 100 | @a19950317d1984 em y0chiy0121 ea | |
| 101 | 0 | @achi |
| 102 | @aCN@b110000 | |
| 105 | @ay z 000yy | |
| 106 | @ar | |
| 200 | 10 | @a北魏刁遵墓志@Abei wei diao zun mu zhi@f《历代碑帖法书选》编辑组编@F《Li Dai Bei Tie Fa Shu Xuan》Bian Ji Zu Bian |
| 205 | @b影印本 | |
| 210 | @a北京@c文物出版社@d1984 | |
| 215 | @a1册@d25cm | |
| 225 | 2 | @a历代碑帖法书选 |
| 410 | 0 | @120010@a历代碑帖法书选 |
| 606 | @a楷书-碑帖@y中国@z北魏 | |
| 606 | @a碑帖-楷书@y中国@z北魏 | |
| 606 | 0 | @a书法@x中国 |
| 606 | 0 | @a篆刻@x中国 |
| 690 | @aJ292.23@v3 | |
| 690 | @aJ292.2 | |
| 711 | 02 | @a历代碑帖法书选编辑组@Ali dai bei tie fa shu xuan bian ji zu@4编 |
| 801 | 0 | @aCN@b上海图书馆@c20040520 |
| 801 | 2 | @aCN@bNLC@c20040520 |
| 905 | @f2@b218178-179@dJ292.2@e207 | |
| 北魏刁遵墓志/《历代碑帖法书选》编辑组编.-影印本.-北京:文物出版社,1984 |
| 1册;25cm.-(历代碑帖法书选) |
| ISBN :CNY0.36 |
| ● |
| 相关链接 |
|
|
|
|
正题名:北魏刁遵墓志
索取号:J292.2/207
 
预约/预借
| 序号 | 登录号 | 条形码 | 馆藏地/架位号 | 状态 | 备注 |
| 1 | 0218178 | 001210683 | 第一借阅区/ [索取号:J292.2/207] | 在馆 | |
| 2 | 0218179 | 001930049 | 第一借阅区/ [索取号:J292.2/207] | 在馆 | |
| 3 | 0218180 | 001210674 | 第一样本阅览室/ [索取号:J292.2/207] | 在馆 |